000 00213nam a22000857a 4500
008 170616b xxu||||| |||| 00| 0 eng d
100 _93444
_aAgarwala. B. R
245 _aOur Judiciry
260 _aNew Delhi
_bN. B. T
_c2008
999 _c6819
_d6819